The Illustrated encyclopedia of mankind / (Record no. 9993)
[ view plain ]
| 000 -LEADER | |
|---|---|
| fixed length control field | 01289nac a22003371u 4500 |
| 010 ## - LIBRARY OF CONGRESS CONTROL NUMBER | |
| LC control number | 84007780 |
| 020 ## - INTERNATIONAL STANDARD BOOK NUMBER | |
| International Standard Book Number | 0863072313 (set) |
| 020 ## - INTERNATIONAL STANDARD BOOK NUMBER | |
| International Standard Book Number | 1854350323 : |
| 082 00 - DEWEY DECIMAL CLASSIFICATION NUMBER | |
| Classification number | 306.03 |
| Item number | ILL |
| 090 ## - LOCALLY ASSIGNED LC-TYPE CALL NUMBER (OCLC); LOCAL CALL NUMBER (OCLC) | |
| -- | 9993 |
| -- | 9993 |
| 100 ## - MAIN ENTRY--PERSONAL NAME | |
| Personal name | 20080729 |
| 245 04 - TITLE STATEMENT | |
| Title | The Illustrated encyclopedia of mankind / |
| 250 ## - EDITION STATEMENT | |
| Edition statement | New ed., reference ed. / |
| Remainder of edition statement | edited and compiled by Yvonne Deutch ; consultant anthropologist, Michael Sallnow ; preface, Robert Canfield. |
| 260 ## - PUBLICATION, DISTRIBUTION, ETC. (IMPRINT) | |
| Place of publication, distribution, etc | New York : |
| Name of publisher, distributor, etc | Marshall Cavendish, |
| 300 ## - PHYSICAL DESCRIPTION | |
| Extent | V. : |
| Other physical details | col. ill. ; |
| Dimensions | 29 cm. |
| 500 ## - GENERAL NOTE | |
| General note | Donations - AUC. |
| 500 ## - GENERAL NOTE | |
| General note | Donations. |
| 505 ## - FORMATTED CONTENTS NOTE | |
| Formatted contents note | Issues: V. 1, 2, 3, 4, 5, 6, 7, 8 (1990). |
| 511 ## - PARTICIPANT OR PERFORMER NOTE | |
| Participant or performer note | Catalogued by: Sara. |
| 650 #0 - SUBJECT ADDED ENTRY--TOPICAL TERM | |
| Topical term or geographic name as entry element | Ethnology |
| General subdivision | Dictionaries. |
| 650 #0 - SUBJECT ADDED ENTRY--TOPICAL TERM | |
| Topical term or geographic name as entry element | Human beings |
| General subdivision | Dictionaries. |
| 740 0# - ADDED ENTRY--UNCONTROLLED RELATED/ANALYTICAL TITLE | |
| Uncontrolled related/analytical title | Mankind. |
| 942 ## - ADDED ENTRY ELEMENTS (KOHA) | |
| Item type | NB - Book (Non borrowing) |
| Call number prefix | 306.03ILL |
| Withdrawn status | Item status | Source of classification or shelving scheme | Damaged status | Not for loan | Home library | Current library | Shelving location | Date acquired | Source of acquisition | Full call number | Barcode | Date last seen | Koha item type |
|---|---|---|---|---|---|---|---|---|---|---|---|---|---|
| Dewey Decimal Classification | Central Library | Central Library | First floor | 20/07/2008 | Purchase | 306.03ILL | 000013107 | 18/08/2021 | NB - Book (Non borrowing) | ||||
| Dewey Decimal Classification | Central Library | Central Library | First floor | 20/07/2008 | Purchase | 306.03ILL | 000013103 | 18/08/2021 | NB - Book (Non borrowing) | ||||
| Dewey Decimal Classification | Central Library | Central Library | First floor | 20/07/2008 | Purchase | 306.03ILL | 000013418 | 18/08/2021 | NB - Book (Non borrowing) | ||||
| Dewey Decimal Classification | Central Library | Central Library | First floor | 20/07/2008 | Purchase | 306.03ILL | 000013419 | 18/08/2021 | NB - Book (Non borrowing) | ||||
| Dewey Decimal Classification | Central Library | Central Library | First floor | 20/07/2008 | Purchase | 306.03ILL | 000013420 | 18/08/2021 | NB - Book (Non borrowing) | ||||
| Dewey Decimal Classification | Central Library | Central Library | First floor | 20/07/2008 | Purchase | 306.03ILL | 000013421 | 18/08/2021 | NB - Book (Non borrowing) | ||||
| Dewey Decimal Classification | Central Library | Central Library | First floor | 20/07/2008 | Purchase | 306.03ILL | 000013422 | 18/08/2021 | NB - Book (Non borrowing) | ||||
| Dewey Decimal Classification | Central Library | Central Library | First floor | 20/07/2008 | Purchase | 306.03ILL | 000013423 | 18/08/2021 | NB - Book (Non borrowing) |